[Event "Madrid-ch Previa-A"]
[Site "Madrid"]
[Date "2020.02.12"]
[Round "6"]
[White "Hernandez Gutierrez, Jose"]
[Black "Gonzalez Recas, Fernando Jose"]
[Result "1-0"]
[WhiteElo "1784"]
[BlackElo "1548"]
[PlyCount "77"]
[EventDate "2020.02.03"]
[EventType "swiss"]
[EventRounds "9"]
[EventCountry "ESP"]
[SourceTitle "EXT 2021"]
[Source "ChessBase"]
[SourceDate "2020.10.23"]
[SourceVersion "1"]
[SourceVersionDate "2020.10.23"]
[SourceQuality "1"]

1. d4 Nf6 2. c4 e6 3. g3 Bb4+ 4. Bd2 Qe7 5. Bg2 c6 6. e4 Bxd2+ 7. Qxd2 d6 8. e5 dxe5 9. dxe5 Nfd7 10. Nf3 0-0 11. 0-0 Rd8 12. Qc3 b6 13. Nbd2 Bb7 14. Ne4 Na6 15. Rad1 c5 16. Nd6 Rab8 17. Nxb7 Rxb7 18. Nd2 Rc7 19. a3 Nab8 20. f4 Nc6 21. Nf3 Nf8 22. Qc2 Rcd7 23. Qa4 Rxd1 24. Rxd1 Rxd1+ 25. Qxd1 Qd7 26. Qd6 Qxd6 27. exd6 f6 28. g4 Nd7 29. g5 Kf7 30. gxf6 gxf6 31. Ng5+ fxg5 32. Bxc6 Nb8 33. Be4 gxf4 34. Bxh7 Ke8 35. Kf2 Kd7 36. Kf3 e5 37. h4 Kxd6 38. h5 Nd7 39. h6 1-0

[Event "Madrid-ch Previa-A"]
[Site "Madrid"]
[Date "2020.02.05"]
[Round "3"]
[White "Gonzalez Recas, Fernando Jose"]
[Black "Giron Herranz, Ivan"]
[Result "1-0"]
[WhiteElo "1548"]
[BlackElo "1341"]
[PlyCount "103"]
[EventDate "2020.02.03"]
[EventType "swiss"]
[EventRounds "9"]
[EventCountry "ESP"]
[SourceTitle "EXT 2021"]
[Source "ChessBase"]
[SourceDate "2020.10.23"]
[SourceVersion "1"]
[SourceVersionDate "2020.10.23"]
[SourceQuality "1"]

1. e4 e6 2. d4 d5 3. e5 c5 4. c3 Nc6 5. Nf3 Qb6 6. a3 cxd4 7. cxd4 Nge7 8. Nc3 a6 9. Na4 Qa7 10. b4 Nf5 11. Bb2 Bd7 12. g4 Nh6 13. Bh3 b5 14. Nc5 Bxc5 15. dxc5 Qc7 16. 0-0 Ng8 17. Qe2 Nge7 18. Ne1 0-0 19. f4 a5 20. Nd3 axb4 21. axb4 Rxa1 22. Rxa1 Qb7 23. Qf1 Ra8 24. Qd1 Kf8 25. Kf2 Ng8 26. Kg3 Ke7 27. Qc1 Ra4 28. Ba3 Kd8 29. f5 exf5 30. Qg5+ Nge7 31. gxf5 g6 32. fxg6 hxg6 33. Qf6 Bxh3 34. Qh8+ Kc7 35. Qxh3 Nf5+ 36. Kf4 Qa8 37. Nb2 Rxb4+ 38. Bxb4 Qxa1 39. Qc3 Nxb4 40. Qxb4 Qc1+ 41. Kf3 Qh1+ 42. Ke2 Qxh2+ 43. Kd3 Qg3+ 44. Kc2 Qf2+ 45. Kb1 Kc6 46. Nd3 Qf1+ 47. Nc1 Qc4 48. Qa5 Qe4+ 49. Kb2 Qxe5+ 50. Kb1 Qe4+ 51. Kb2 Kxc5 52. Qc7+ 1-0

[Event "Madrid-ch Previa-A"]
[Site "Madrid"]
[Date "2018.02.06"]
[Round "2"]
[White "Gonzalez Recas, Fernando Jose"]
[Black "Gonzalez Pinar, Adrian"]
[Result "0-1"]
[WhiteElo "1643"]
[BlackElo "1487"]
[PlyCount "154"]
[EventDate "2018.02.05"]
[EventType "swiss"]
[EventRounds "9"]
[EventCountry "ESP"]
[SourceTitle "EXT 2020"]
[Source "ChessBase"]
[SourceDate "2019.10.17"]
[SourceVersion "1"]
[SourceVersionDate "2019.10.17"]
[SourceQuality "1"]

1. e4 e6 2. d4 d5 3. e5 c5 4. c3 Qb6 5. Nf3 Nc6 6. a3 c4 7. g3 Na5 8. Nbd2 Bd7 9. Bh3 0-0-0 10. 0-0 f5 11. Ng5 Be8 12. f4 h6 13. Ngf3 Be7 14. Kh1 g5 15. Ne1 g4 16. Bg2 h5 17. h4 gxh3 18. Bxh3 Nh6 19. Nef3 Ng4 20. Qe1 Bf7 21. Nh4 Rdg8 22. Ndf3 Nb3 23. Rb1 Qd8 24. Rg1 Kb8 25. Bf1 Qb6 26. Kg2 Rh7 27. Kh3 Nxc1 28. Rxc1 Qxb2 29. Rg2 Qxa3 30. Ra1 Qb3 31. Qc1 Qb6 32. Rb2 Qc6 33. Rab1 b6 34. Rb5 Rhg7 35. Qe1 Be8 36. R5b2 Qc7 37. Ra1 Qd8 38. Rba2 Bxh4 39. gxh4 Bb5 40. Ng5 Qc8 41. Bg2 a6 42. Bf3 Rf8 43. Qb1 Rb7 44. Qb4 Re8 45. Qd6+ Qc7 46. Qb4 Qe7 47. Qb2 Kc7 48. Kg3 Ra8 49. Bd1 Rba7 50. Qxb5 axb5 51. Rxa7+ Rxa7 52. Rxa7+ Kd8 53. Rxe7 Kxe7 54. Nh7 Kf7 55. Ng5+ Ke7 56. Nf3 Ne3 57. Be2 Nc2 58. Nd2 b4 59. Nb1 Na3 60. cxb4 Nxb1 61. Kf3 Na3 62. Ke3 Nc2+ 63. Kd2 Nxd4 64. Bxh5 Nb3+ 65. Kc3 b5 66. Bd1 d4+ 67. Kb2 Nd2 68. Kc2 Ne4 69. Bf3 d3+ 70. Kc1 c3 71. h5 Kf7 72. Bd1 Kg7 73. Bb3 Nf2 74. Kb1 c2+ 75. Kc1 Ne4 76. Bxe6 Nc3 77. Kd2 Ne2 0-1

[Event "Madrid-ch sf"]
[Site "Madrid"]
[Date "2016.02.10"]
[Round "3"]
[White "Martin Rodriguez, Jose Luis"]
[Black "Gonzalez Recas, Fernando Jose"]
[Result "0-1"]
[WhiteElo "1354"]
[BlackElo "1766"]
[PlyCount "74"]
[EventDate "2016.02.08"]
[EventType "swiss"]
[EventRounds "9"]
[EventCountry "ESP"]
[SourceTitle "CBM 171 Extra"]
[Source "ChessBase"]
[SourceDate "2016.04.26"]
[SourceVersion "1"]
[SourceVersionDate "2016.04.26"]
[SourceQuality "1"]

1. e4 d6 2. d4 Nf6 3. Nc3 g6 4. f4 Bg7 5. Nf3 c5 6. dxc5 Qa5 7. Bd3 Qxc5 8. Qe2 Nc6 9. Be3 Qa5 10. 0-0 0-0 11. a3 Ng4 12. Bd2 Bd7 13. h3 Nf6 14. Qf2 Qd8 15. g4 h5 16. Qh4 e6 17. Qg3 Qe7 18. Rae1 Rae8 19. f5 Qd8 20. Rb1 Qb6+ 21. Kg2 Nd4 22. Be3 Nxf5 23. Bxb6 Nxg3 24. Kxg3 axb6 25. gxh5 Nxh5+ 26. Kh4 Bf6+ 27. Ng5 Kg7 28. Rxf6 Nxf6 29. Bb5 Rh8+ 30. Kg3 Bxb5 31. Nxb5 Rh5 32. Nxd6 Rxg5+ 33. Kf4 Rh5 34. Nxe8+ Nxe8 35. Kg4 Nf6+ 36. Kf4 Rxh3 37. Ke5 Re3 0-1

[Event "Madrid-ch"]
[Site "Madrid"]
[Date "2015.02.17"]
[Round "8"]
[White "Gonzalez Recas, Fernando Jose"]
[Black "Morona Minguez, Miguel"]
[Result "1/2-1/2"]
[WhiteElo "1776"]
[BlackElo "1913"]
[PlyCount "93"]
[EventDate "2015.02.02"]
[EventType "swiss"]
[EventRounds "9"]
[EventCountry "ESP"]
[SourceTitle "CBM 164 Extra"]
[Source "ChessBase"]
[SourceDate "2015.03.02"]
[SourceVersion "1"]
[SourceVersionDate "2015.03.02"]
[SourceQuality "1"]

1. e4 e5 2. Nf3 Nc6 3. Bb5 a6 4. Ba4 Nf6 5. d3 Bc5 6. Be3 Bxe3 7. fxe3 b5 8. Bb3 d6 9. c3 0-0 10. Nbd2 Nb8 11. 0-0 Nbd7 12. Re1 Bb7 13. Nf1 c5 14. Ng3 Nb6 15. Qe2 Qc7 16. Nd2 a5 17. Rf1 c4 18. Bc2 cxd3 19. Bxd3 Nc4 20. b3 Nxd2 21. Qxd2 Rac8 22. Rac1 Qb6 23. h3 d5 24. Qe2 dxe4 25. Bxb5 Nd5 26. c4 Nxe3 27. Rf2 f5 28. Kh2 f4 29. Nf1 Nxf1+ 30. Rfxf1 Rfd8 31. Rcd1 Rxd1 32. Rxd1 Rd8 33. Qg4 Rxd1 34. Qxd1 Qd4 35. Qg4 Qd6 36. Bd7 Kf8 37. Qf5+ Ke7 38. Bb5 g6 39. Qg5+ Qf6 40. Qg4 Qf5 41. Qh4+ g5 42. Qh5 Qg6 43. Qg4 Kf6 44. Qd7 Qf7 45. Qd6+ Qe6 46. Qf8+ Qf7 47. Qd6+ 1/2-1/2

[Event "Madrid-ch Previa-A"]
[Site "Madrid"]
[Date "2014.02.10"]
[Round "4"]
[White "Montes de Santiago, Fernando"]
[Black "Gonzalez Recas, Fernando Jose"]
[Result "1/2-1/2"]
[WhiteElo "1826"]
[BlackElo "1796"]
[PlyCount "45"]
[EventDate "2014.02.03"]
[EventType "swiss"]
[EventRounds "9"]
[EventCountry "ESP"]
[SourceTitle "EXT 2015"]
[Source "ChessBase"]
[SourceDate "2014.11.20"]
[SourceVersion "1"]
[SourceVersionDate "2014.11.20"]
[SourceQuality "1"]

1. d4 Nf6 2. c4 e6 3. Nf3 Bb4+ 4. Bd2 a5 5. a3 Bxd2+ 6. Nbxd2 b6 7. g3 Bb7 8. Bg2 0-0 9. 0-0 Re8 10. Qc2 d6 11. e4 e5 12. d5 Nbd7 13. b4 Qe7 14. Nh4 g6 15. Qc3 Nh5 16. Bh3 Nf8 17. Ng2 Bc8 18. Bxc8 Rexc8 19. b5 Nd7 20. f4 f6 21. f5 g5 22. Kf2 Kf7 23. Qf3 1/2-1/2

[Event "Madrid-ch Previa-A"]
[Site "Madrid"]
[Date "2014.02.05"]
[Round "3"]
[White "Lozano Sanchez, Jose Antonio"]
[Black "Gonzalez Recas, Fernando Jose"]
[Result "1/2-1/2"]
[WhiteElo "1857"]
[BlackElo "1796"]
[PlyCount "65"]
[EventDate "2014.02.03"]
[EventType "swiss"]
[EventRounds "9"]
[EventCountry "ESP"]
[SourceTitle "EXT 2015"]
[Source "ChessBase"]
[SourceDate "2014.11.20"]
[SourceVersion "1"]
[SourceVersionDate "2014.11.20"]
[SourceQuality "1"]

1. e4 d6 2. Nf3 Nf6 3. Nc3 g6 4. Bc4 Bg4 5. h3 Bxf3 6. Qxf3 Nc6 7. a3 Ne5 8. Qe2 Nxc4 9. Qxc4 c6 10. a4 Bg7 11. d3 0-0 12. 0-0 Nd7 13. Bd2 e6 14. b4 Nb6 15. Qb3 d5 16. Rab1 Nd7 17. Rfd1 f5 18. exd5 exd5 19. Na2 Kh8 20. c4 Nf6 21. Bc3 Qd6 22. Re1 Rfe8 23. Qb2 Nh5 24. Bxg7+ Nxg7 25. Qd4 Kg8 26. Nc3 Ne6 27. Qf6 Rad8 28. Rb2 Qe7 29. Qe5 Qd6 30. Rbe2 dxc4 31. dxc4 Qxe5 32. Rxe5 Kf7 33. Rd1 1/2-1/2

[Event "Madrid-ch Previa-A"]
[Site "Madrid"]
[Date "2013.02.06"]
[Round "3"]
[White "Gonzalez Recas, Fernando Jose"]
[Black "Maseda Iglesias, Luis"]
[Result "1/2-1/2"]
[WhiteElo "1844"]
[BlackElo "1747"]
[PlyCount "63"]
[EventDate "2013.02.04"]
[EventType "swiss"]
[EventRounds "9"]
[EventCountry "ESP"]
[SourceTitle "EXT 2015"]
[Source "ChessBase"]
[SourceDate "2014.11.20"]
[SourceVersion "1"]
[SourceVersionDate "2014.11.20"]
[SourceQuality "1"]

1. e4 e6 2. d4 d5 3. e5 c5 4. c3 Nc6 5. Nf3 Qb6 6. a3 Nh6 7. Bd3 cxd4 8. cxd4 Bd7 9. Bc2 Nf5 10. Bxf5 exf5 11. 0-0 Be7 12. Nc3 Be6 13. b4 Rc8 14. Na4 Qd8 15. Nc5 b6 16. Nd3 h6 17. Bd2 g5 18. b5 Na5 19. Nb4 0-0 20. Rc1 Qd7 21. a4 Rxc1 22. Qxc1 Rc8 23. Qb2 g4 24. Ne1 Nc4 25. Qa2 Nxd2 26. Qxd2 Bg5 27. Qb2 Rc4 28. Ned3 Qc7 29. Ra1 Kg7 30. Nc6 Bd7 31. Ndb4 Bxc6 32. Nxc6 1/2-1/2

[Event "Madrid-ch Previa-A"]
[Site "Madrid"]
[Date "2008.11.05"]
[Round "3"]
[White "Osorio Ramos, Francisco"]
[Black "Gonzalez Recas, Fernando Jose"]
[Result "1/2-1/2"]
[WhiteElo "1960"]
[BlackElo "1862"]
[PlyCount "72"]
[EventDate "2008.11.03"]
[EventType "swiss"]
[EventRounds "9"]
[EventCountry "ESP"]
[SourceTitle "CBM 127 Extra"]
[Source "ChessBase"]
[SourceDate "2009.01.08"]
[SourceVersion "2"]
[SourceVersionDate "2009.01.28"]
[SourceQuality "1"]

1. d4 Nf6 2. c4 e6 3. Nf3 Bb4+ 4. Bd2 a5 5. Nc3 0-0 6. g3 d6 7. Bg2 Nbd7 8. 0-0 Re8 9. a3 Bxc3 10. Bxc3 Ne4 11. Nd2 Nxc3 12. bxc3 Nf6 13. Qc2 c6 14. Rab1 Qc7 15. e3 Bd7 16. Qb3 Reb8 17. Rb2 b6 18. Rfb1 Ra6 19. Bf1 c5 20. Bg2 h6 21. Qc2 g6 22. h3 Kg7 23. Bf1 Re8 24. d5 e5 25. Bg2 Rb8 26. a4 Qc8 27. Kh2 Qc7 28. Re1 Re8 29. Nb1 Bf5 30. e4 Bd7 31. Na3 Rb8 32. Nb5 Bxb5 33. cxb5 Ra7 34. c4 Rf8 35. Qc3 Qe7 36. Rbe2 Nd7 1/2-1/2

[Event "Barcelona Sant Marti op 06th"]
[Site "Barcelona"]
[Date "2004.05.08"]
[Round "3"]
[White "Gonzalez Recas, Fernando Jose"]
[Black "Ruiz Mata, Oscar"]
[Result "0-1"]
[WhiteElo "2085"]
[BlackElo "2340"]
[PlyCount "100"]
[EventDate "2004.04.17"]
[EventType "swiss"]
[EventRounds "9"]
[EventCountry "ESP"]
[SourceTitle "CBM 100 Extra"]
[Source "ChessBase"]
[SourceDate "2004.07.06"]
[SourceVersion "2"]
[SourceVersionDate "2004.07.06"]
[SourceQuality "1"]

1. d4 e6 2. Nf3 Nf6 3. g3 b5 4. Bg2 Bb7 5. 0-0 c5 6. c3 Nc6 7. a4 a6 8. b3 Qb6 9. h3 Be7 10. Re1 d5 11. Be3 Ne4 12. dxc5 Bxc5 13. Nd4 Nxc3 14. Nxc3 Bxd4 15. Bxd4 Qxd4 16. axb5 Qxd1 17. Rexd1 axb5 18. Nxb5 Ke7 19. e4 dxe4 20. Bxe4 Na5 21. Bxb7 Nxb7 22. Na7 Kf6 23. b4 Rhd8 24. Nc6 Rxa1 25. Rxa1 Rd5 26. Na5 Nd6 27. Nc6 Rd2 28. Ra3 Kf5 29. Rf3+ Ke4 30. Rf4+ Kd5 31. Na5 Rb2 32. Kg2 g5 33. Rf3 Rxb4 34. Nb3 Ne4 35. Nc1 f5 36. Nd3 Rb1 37. Re3 Rd1 38. Ne1 Kc4 39. Re2 Rd2 40. Rxd2 Nxd2 41. f3 Nb1 42. Kf2 Nc3 43. Ke3 Nd5+ 44. Kd2 Kd4 45. Nc2+ Ke5 46. Ne1 h5 47. Nd3+ Kd4 48. Nc1 h4 49. Ne2+ Ke5 50. gxh4 gxh4 0-1

[Event "Madrid-chB"]
[Site "Madrid"]
[Date "2000.??.??"]
[Round "7"]
[White "Garcia Serrano, Jose Manuel"]
[Black "Gonzalez Recas, Fernando Jose"]
[Result "0-1"]
[WhiteElo "1925"]
[BlackElo "1975"]
[PlyCount "68"]
[EventDate "2000.??.??"]
[EventType "swiss"]
[EventRounds "9"]
[EventCountry "ESP"]
[SourceTitle "EXT 2003"]
[Source "ChessBase"]
[SourceDate "2002.11.25"]
[SourceVersion "1"]
[SourceVersionDate "2002.11.25"]
[SourceQuality "1"]

1. e4 Nf6 2. e5 Nd5 3. c4 Nb6 4. d4 d6 5. f4 g6 6. Nf3 Bg7 7. h3 dxe5 8. fxe5 0-0 9. Be2 Nc6 10. Bf4 Bf5 11. Nc3 Rc8 12. g4 Bd7 13. Qd2 e6 14. 0-0-0 Ne7 15. Bh6 Bc6 16. Bxg7 Kxg7 17. d5 exd5 18. Qf4 Ng8 19. h4 f6 20. g5 fxg5 21. Qg3 Nh6 22. hxg5 Nf5 23. Qh2 Rh8 24. Nd4 Qxg5+ 25. Kb1 Nxd4 26. Rxd4 dxc4 27. Rg1 Qf5+ 28. Ka1 Rce8 29. Rf4 Qxe5 30. Rgf1 h5 31. Qg3 Nd5 32. Rf7+ Kh6 33. Qxe5 Rxe5 34. Bxc4 Ne3 0-1

[Event "Madrid-chB"]
[Site "Madrid"]
[Date "2000.??.??"]
[Round "1"]
[White "Gonzalez Recas, Fernando Jose"]
[Black "Roldan Hernando, Ismael"]
[Result "1-0"]
[WhiteElo "1975"]
[BlackElo "1710"]
[PlyCount "109"]
[EventDate "2000.??.??"]
[EventType "swiss"]
[EventRounds "9"]
[EventCountry "ESP"]
[SourceTitle "EXT 2003"]
[Source "ChessBase"]
[SourceDate "2002.11.25"]
[SourceVersion "1"]
[SourceVersionDate "2002.11.25"]
[SourceQuality "1"]

1. e4 c5 2. Nf3 e6 3. d4 cxd4 4. Nxd4 Nf6 5. Nc3 Bb4 6. Bd3 Nc6 7. Be3 d5 8. Nxc6 bxc6 9. exd5 Bxc3+ 10. bxc3 cxd5 11. Bd4 0-0 12. 0-0 Nd7 13. f4 f6 14. Qh5 f5 15. Qe2 Nf6 16. Rab1 Qa5 17. Rb2 Ne4 18. c4 dxc4 19. Bxc4 Qd2 20. c3 Qxe2 21. Bxe2 a5 22. Rb6 Bd7 23. Rb7 Bc6 24. Rxg7+ Kh8 25. Rc7+ Kg8 26. Rxc6 Rfe8 27. Rb1 Rac8 28. Rbb6 a4 29. g4 h6 30. gxf5 exf5 31. Kg2 Kf8 32. Bh5 Red8 33. Rxh6 Rc7 34. Rh8+ Ke7 35. Bf6+ Nxf6 36. Rxd8 Kxd8 37. Rxf6 Rxc3 38. Bd1 Ra3 39. Rxf5 Rxa2+ 40. Kg3 Ra1 41. Rd5+ Ke7 42. Kg4 a3 43. Kf5 Ra2 44. Rd3 Rxh2 45. Rxa3 Rd2 46. Bf3 Rd6 47. Ra7+ Kf8 48. Ke5 Rd3 49. Bd5 Re3+ 50. Kf6 Ke8 51. Be6 Kd8 52. f5 Rh3 53. Kg7 Rg3+ 54. Kf8 Rg6 55. Ra8+ 1-0

[Event "Madrid-chB"]
[Site "Madrid"]
[Date "2000.??.??"]
[Round "8"]
[White "Roman Bada, Javier"]
[Black "Gonzalez Recas, Fernando Jose"]
[Result "1/2-1/2"]
[WhiteElo "1960"]
[BlackElo "1975"]
[PlyCount "44"]
[EventDate "2000.??.??"]
[EventType "swiss"]
[EventRounds "9"]
[EventCountry "ESP"]
[SourceTitle "EXT 2003"]
[Source "ChessBase"]
[SourceDate "2002.11.25"]
[SourceVersion "1"]
[SourceVersionDate "2002.11.25"]
[SourceQuality "1"]

1. e4 d6 2. d4 Nf6 3. Nc3 g6 4. g3 Bg7 5. Bg2 0-0 6. Nge2 Nbd7 7. 0-0 c5 8. Bg5 cxd4 9. Nxd4 Ne5 10. Bxf6 Bxf6 11. Nd5 Bg7 12. c3 Rb8 13. Qe2 a6 14. Rad1 Bg4 15. f3 Bd7 16. Kh1 Rc8 17. Ne3 b5 18. f4 Nc6 19. Nec2 Qb6 20. Nxc6 Bxc6 21. Nb4 Bb7 22. Nd5 Bxd5 1/2-1/2